La Carretera de Montseny al Brull
Colección:
San Jorge,
; núm. 6 (juliol 1952), pàg. 7-11
Materias:
Carreteres -- Barcelona (Província) -- Disseny i construcció
; Carreteres -- Montseny (Catalunya) -- Disseny i construcció
; Carreteres -- El Brull (Catalunya) -- Disseny i construcció
Idioma:
Español
MARC
| LEADER | 00000naa a2200000 a 4500 | ||
|---|---|---|---|
| 003 | Arxiu | ||
| 005 | 20260324181030.0 | ||
| 008 | 160829s1952 spcaxx s spa c | ||
| 040 | |a agdb | ||
| 245 | 0 | 3 | |a La Carretera de Montseny al Brull |
| 490 | |a San Jorge, |v núm. 6 (juliol 1952), pàg. 7-11 | ||
| 590 | |a Conté 5 fotografies i 2 mapes. | ||
| 650 | 0 | |a Carreteres |z Barcelona (Província) |x Disseny i construcció |9 42899 | |
| 650 | 0 | |a Carreteres |9 31117 |2 Arxiu |z Montseny (Catalunya) |x Disseny i construcció | |
| 650 | 0 | |a Carreteres |z El Brull (Catalunya) |x Disseny i construcció |9 28390 | |
| 773 | |g Núm. 6 (juliol 1952), pàg. 7-11 |t San Jorge. | ||
| 901 | |a Arxiu | ||
| 942 | |n 1 |2 udc |c ART | ||
| 952 | |0 0 |1 0 |4 0 |7 1 |9 64239 |a Arxiu |b Arxiu |d 2022-11-21 |o Rev-508 |r 2022-11-21 00:00:00 |w 2022-11-21 |y ARXIU |z També disponible a Rev-521 | ||
| 999 | |c 47397 |d 47397 | ||